000 00782nam a22002297a 4500
999 _c7803
_d7803
003 AR-CdUCM
008 190321b ||||| |||| 00| 0 spa d
040 _aMUNICIPALIDAD PROVINCIAL DEL CUSCO
_cBIBLIOTECA MUNICIPAL DEL CUSCO
082 _a634.2 /
_bJ93
100 _aJuscafresa, Baudilio
_922017
245 _aEl Melocotonero /
260 _aBarcelona :
_bAedos,
_c1966.
300 _a106 paginas ;
_bIlustraciones, graficcos,
_c20 cm.
500 _aTemas agropecuarios aedos
505 _aContenido: melocotonero -- reproducción -- el cultivo -- las podas -- necesidades nutritivas del melocotonero...
650 _aMelocotonero
_922057
650 _aReproducción
_98380
650 _aCultivo
_919546
650 _aNutrición
_92384
942 _2ddc
_cLIBROS
945 _apjha